|
|
|
|
| LEADER |
01402nam a22003494a 4500 |
| 001 |
35623 |
| 003 |
BD-DhAAL |
| 005 |
20211206112222.0 |
| 008 |
200801t2004 caua b 001 0 eng d |
| 999 |
|
|
|c 42130
|d 42130
|
| 010 |
|
|
|a 2003021251
|
| 020 |
|
|
|a 0761938303 (cloth)
|
| 020 |
|
|
|a 0761938311 (pbk.)
|
| 040 |
|
|
|a DLC
|c DLC
|d DLC
|d BD-DhAAL
|
| 042 |
|
|
|a pcc
|
| 043 |
|
|
|a n-us---
|
| 050 |
0 |
0 |
|a LC4019.15
|b .M178 2004
|
| 082 |
0 |
0 |
|a 371.9
|2 22
|
| 100 |
1 |
|
|a McLaughlin, Margaret J.
|9 38856
|
| 245 |
1 |
0 |
|a What every principal needs to know about special education /
|c Margaret J. McLaughlin, Victor Nolet.
|
| 260 |
|
|
|a Thousand Oaks, Calif. :
|b Corwin Press,
|c c2004.
|
| 300 |
|
|
|a xi, 109 pages :
|b illustrations ;
|c 27 cm.
|
| 504 |
|
|
|a Includes bibliographical references (pages 95-96) and index.
|
| 526 |
|
|
|a BIED
|
| 541 |
|
|
|a Complimentary copy from BIED
|e 35623
|
| 650 |
|
0 |
|a Special education
|z United States
|x Administration.
|9 38857
|
| 650 |
|
0 |
|a Children with disabilities
|x Education
|z United States.
|9 38858
|
| 650 |
|
0 |
|a School principals
|z United States.
|9 38859
|
| 700 |
1 |
|
|a Nolet, Victor.
|9 38860
|
| 852 |
|
|
|a Ayesha Abed Library
|c BIED Collection
|
| 942 |
|
|
|2 ddc
|c BK
|
| 952 |
|
|
|0 0
|1 0
|2 ddc
|4 0
|6 371_900000000000000_MCL
|7 0
|9 67684
|a BRACUL
|b BRACUL
|c GEN
|d 2020-01-08
|e Complimentary copy from BIED
|l 0
|o 371.9 MCL
|p 3010035623
|r 2020-01-08
|t 1
|w 2020-01-08
|y BK
|x Transferred from BIED to General Stacks
|